AIDS/HIV Infection Rates Quiz Stats

 Plays Quiz Updated Jul 2, 2018

Score 0/20 Timer 08:00
0 Plays Today
Rank Country % Correct
4.South Africa
91.9%
18.Rwanda
74.7%
6.Zimbabwe
70.9%
1.eSwatini
58.1%
2.Lesotho
58%
3.Botswana
57.8%
7.Zambia
57.5%
10.Uganda
57.3%
13.Tanzania
56.6%
5.Namibia
55.8%
Rank Country % Correct
8.Mozambique
50.1%
14.Central African Republic
47.6%
9.Malawi
46.8%
16.Gabon
46.6%
19.Republic of the Congo
46.4%
12.Kenya
42.4%
20.Guinea-Bissau
42.1%
15.Cameroon
41.3%
11.Equatorial Guinea
38.9%
17.Bahamas
35.6%

You're not logged in!

Compare scores with friends on all Sporcle quizzes.
OR
Log In

Sporcle TV

Today on Sporcle TV


Watch our educational content, quiz creation guides, and fun videos on Sporcle TV.

Show Comments

Extras

Top Quizzes Today


Score Distribution

Your Account Isn't Verified!

In order to create a playlist on Sporcle, you need to verify the email address you used during registration. Go to your Sporcle Settings to finish the process.

Report this User

Report this user for behavior that violates our Community Guidelines.

Details: